MUSIKCHARTS: Deutsche TOP-100-Jahrescharts 1993 - Statistiken

Allgemein
  • Dieses Quiz wurde 81 mal gespielt
  • Das Durchschnittsergebnis liegt bei 36 aus 100
Antwortstatistiken
Platz Interpret Lied % Korrekt
58 Die Ärzte Schrei nach Liebe
87%
7 Whitney Houston I Will Always Love You
82%
80 Whitney Houston I'm Every Woman
82%
41 Die Prinzen Alles nur geklaut
79%
87 AC/DC Big Gun
78%
2 Haddaway What Is Love
78%
11 Haddaway Life
78%
30 Bon Jovi Bed Of Roses
76%
54 Bon Jovi Keep The Faith
76%
71 Bon Jovi In These Arms
76%
34 Michael Jackson Heal The World
74%
45 Michael Jackson Will You Be There
74%
63 Michael Jackson Give In To Me
74%
1 Ace Of Base All That She Wants
72%
13 Ace Of Base Wheel Of Fortune
72%
42 Ace Of Base Happy Nation
72%
59 Die Fantastischen Vier Die da
72%
8 Dr. Alban Sing Hallelujah!
71%
12 Pet Shop Boys Go West
69%
78 Pet Shop Boys Can You Forgive Her?
69%
17 Meat Loaf I'd Do Anything For Love (But I Won't Do That)
66%
3 4 Non Blondes What's Up?
60%
94 Bryan Adams Please Forgive Me
57%
4 Culture Beat Mr. Vain
54%
32 Culture Beat Got To Get It
54%
37 Die Toten Hosen Sascha... ein aufrechter Deutscher
50%
39 Janet Jackson That's The Way Love Goes
50%
5 2 Unlimited No Limit
49%
15 2 Unlimited Tribal Dance
49%
51 2 Unlimited Faces
49%
10 Freddie Mercury Living On My Own [1993]
47%
24 Shaggy Oh Carolina
46%
6 Snow Informer
46%
89 Eros Ramazzotti Cose della vita
44%
44 Inner Circle Rock With You
44%
93 Inner Circle Sweat (A La La La La Long)
44%
28 Snap! feat. Niki Haris Exterminate!
43%
56 Snap! feat. Niki Haris Do You See The Light (Looking For)
43%
22 Paul McCartney Hope Of Deliverance
41%
9 UB40 (I Can't Help) Falling In Love With You
41%
96 UB40 Higher Ground
41%
95 R.E.M. Man On The Moon
38%
14 DJ BoBo Somebody Dance With Me
37%
36 DJ BoBo Keep On Dancing!
37%
92 Frankie Goes To Hollywood Relax '93
37%
21 Spin Doctors Two Princes
37%
97 Lenny Kravitz Are You Gonna Go My Way
35%
18 Soul Asylum Runaway Train
35%
27 Billy Joel The River Of Dreams
32%
98 Pur Hör gut zu
31%
25 Ugly Kid Joe Cats In The Cradle
31%
16 Charles & Eddie Would I Lie To You?
29%
86 Extrabreit mit Hildegard Knef Für mich soll's rote Rosen regnen
29%
50 Shakespears Sister Hello (Turn Your Radio On)
29%
40 Depeche Mode I Feel You
25%
72 Tasmin Archer Sleeping Satellite
25%
75 Rod Stewart Tom Traubert's Blues (Waltzing Matilda)
24%
31 The Beloved Sweet Harmony
24%
23 Captain Hollywood Project More And More
22%
26 Captain Hollywood Project Only With You
22%
53 Faith No More I'm Easy
22%
83 Roxette Almost Unreal
22%
69 Duran Duran Ordinary World
21%
99 Take That Pray
21%
100 Boyz II Men End Of The Road
18%
38 East 17 House Of Love
18%
66 East 17 Deep
18%
19 Leila K. Open Sesame
18%
49 Leila K. Ça plane pour moi
18%
74 M.C. Sar & The Real McCoy Another Night
18%
82 Slade Far Far Away
18%
62 The Prodigy Out Of Space
18%
20 U 96 Love Sees No Colour
18%
55 U 96 Night In Motion
18%
35 Co.Ro feat. Taleesa Because The Night
13%
79 DJ Jazzy Jeff & The Fresh Prince Boom! Shake The Room
13%
70 Green Jellÿ Three Little Pigs
13%
47 Loft Summer Summer
13%
46 Urban Cookie Collective The Key: The Secret
13%
48 US 3 Cantaloop
13%
76 M People One Night In Heaven
12%
43 Usura Open Your Mind
12%
84 Vanessa Paradis Be My Baby
12%
73 Intermission Piece Of My Heart
10%
88 Naughty By Nature Hip Hop Hooray
10%
65 Robin S. Show Me Love
10%
81 Stakka Bo Here We Go
10%
29 Dance 2 Trance P.ower Of A.merican N.atives
9%
64 Felix It Will Make Me Crazy
9%
91 Felix Don't You Want Me
9%
68 Gabrielle Dreams
9%
77 The Good Men Give It Up
9%
33 Cut 'N' Move Give It Up
3%
61 Disney Cast The Jungle Book Groove
3%
60 En-Rage Run To You
3%
57 Mathou You Never Walk Alone
3%
85 Undercover Never Let Her Slip Away
3%
90 Alice In Fashionland Alice In Fashionland
1%
52 Beautiful World In The Beginning
1%
67 Intrance feat. D-Sign Te quierro
1%
Keine übereinstimmenden Quizze gefunden
Verteilung der Resultate
Anzahl Personen mit jedem Resultat
Perzentil nach korrekt beantworteten Fragen
Ihre Resultats-Entwicklung
Sie haben dieses Quiz noch nicht gespielt